1745 1492 1735 1503 1477 1377 1156 1746 1102 1577 1573 1286 1227 1019 1302 1818 1966 1147 1207 1229 1156 1874 1493 1381 1459 1526 1118 1279 1428 1726 1797 1778 1853 1463 1576 1745 1298 1044 1238 1386 1383 1728 1723 1847 1306 1882 1115 1865 1584 1028 1019 1892 1391 1107 1360 1327 1405 1244 1062 1279 1663 1472 1820 1747 1664 1563 1548 1000 1389 1569 1602 1493 1952 1134 1828 1383 1574 1269 1191 1797 1791 1538 1813 1278 1646 1952 1744 1254 1181 1709 1803 1500 1948 1770 1784 1995 1925 1914 1070 BCNSPRNW ULIB Ver.6.0+V

เปลี่ยนเป็นภาษาไทย

Change to English
 แสดงรายละเอียดบรรณานุกรม
  กลับหน้าหลัก

Brief Record : Get Marc (ISO 2709) : E-mail record : QR code < ปิดหน้าต่าง
LEADER : 00000nam 2200000uu 4500
001    13399128630
003     ULIB
008    230924s2565||||th 000 0 tha d
020    ู^a9786164076259
050  0 ^aH302.23^bอ297ค
100    ^aอลงกาณ์ ปริวุฒิพงศ์.
245    ^aความรอบรู้เรื่องสื่อและสารสนเทศ: จากแนวคิดสู่แนวทางปฎิบัติ
250    ^aพิมพ์ครั้งที่ 1
260    ^aกรุงเทพฯ :^bโครงการตำราและเอกสารวิชาการ คณะนิเทศศาสตร์ จุฬาลงกรณ์มหาวิทยาลัย,^c2565
300    ^a188 หน้า;^c26 ซม.
650    ^aสื่อมวลชน
650    ^aสารสนเทศ
945    ^p250^l0^i29898
945    ^p250^l0^i29899
999    ^aกัณชพร จุลอักษร
รายการนี้ยังไม่มีแท็ก
คุณยังไม่ได้ล็อกอิน คุณสามารถมีกิจกรรมร่วมกับเว็บไซต์ได้ แต่ต้องล็อกอินก่อน ::
  ล็อกอิน

รายการสื่อสารสนเทศ

ลำดับที่ ประเภท เลขเรียก/บาร์โค้ด สถานที่ สถานะ
1. หนังสือสำรอง
หนังสือสำรอง
H302.23 อ297ค ฉ.1 
  Barcode: 29898
ห้องสมุดวิทยาเขตนครสวรรค์
►หนังสือทั่วไป:l:General Books
บนชั้น
2. วิทยาศาสตร์การแพทย์ และสุขภาพ
วิทยาศาสตร์การแพทย์ และสุขภาพ
H302.23 อ297ค ฉ.2 
  Barcode: 29899
ห้องสมุดวิทยาเขตนครสวรรค์
►หนังสือทั่วไป:l:General Books
บนชั้น

รายการใกล้เคียง
    ชื่อเรื่อง [ความรอบรู้เรื่องสื่อและสารสนเทศ: จากแนวคิดสู่แนวทางปฎิบัติ]

    ผู้แต่ง [อลงกาณ์ ปริวุฒิพงศ์.]

    หัวเรื่อง [สื่อมวลชน]
    หัวเรื่อง [สารสนเทศ]

BibComment


ยังไม่เคยถูกคอมเมนท์

คอมเมนท์ทรัพยากรรายการนี้
  คอมเมนท์: ความรอบรู้เรื่อง..


 Copyright 2026. Bcnsprnw @Library